| 000 | 00774nam a22002177a 4500 | ||
|---|---|---|---|
| 999 |
_c80689 _d80689 |
||
| 008 | 210210b ||||| |||| 00| 0 eng d | ||
| 040 |
_aSTAFF _bger _cSTAFF _erda |
||
| 041 | _ager | ||
| 100 | _aClaus, Sylvia: | ||
| 245 |
_aWeimar am Ruppiner See. Die Freilandsiedlung Gildenhall / _cSylvia Claus |
||
| 500 | _aDarin enthalten: Architektur und Ethos: Otto Bartning und Adolf Meyer. | ||
| 600 | _aBartning, Otto (1883-1959) | ||
| 600 | _aMeyer, Adolf (1881-1929) | ||
| 650 | _aBauhaus | ||
| 653 | _aNeuruppin / Gildenhall | ||
| 773 |
_tDas Bauhaus in Brandenburg: Industriedesign und Handwerk im Zeichen der Moderne. _dCottbus: Brandenburgische Kulturstiftung, [2019] _gS. 11-19 |
||
| 942 | _cA | ||